Draft Bill of the Constitution of Kenya Review Commission. (Record no. 6424)
[ view plain ]
| 000 -LEADER | |
|---|---|
| fixed length control field | 00787cam a22002292 4500 |
| 001 - CONTROL NUMBER | |
| control field | 0000003483 |
| 005 - DATE AND TIME OF LATEST TRANSACTION | |
| control field | 20151217151926.0 |
| 008 - FIXED-LENGTH DATA ELEMENTS--GENERAL INFORMATION | |
| fixed length control field | 070508s xx 000 0 eng d |
| 040 ## - CATALOGING SOURCE | |
| Original cataloging agency | KABU |
| Transcribing agency | KABU |
| 050 #0 - LIBRARY OF CONGRESS CALL NUMBER | |
| Classification number | KSK1744.52002 |
| Item number | .A3C66 |
| 110 2# - MAIN ENTRY--CORPORATE NAME | |
| Corporate name or jurisdiction name as entry element | The Constitution of Kenya Review Commission (CKRC) |
| -- | 0000160669 |
| 245 10 - TITLE STATEMENT | |
| Title | Draft Bill of the Constitution of Kenya Review Commission. |
| 260 ## - PUBLICATION, DISTRIBUTION, ETC. (IMPRINT) | |
| Place of publication, distribution, etc. | Nairobi : |
| Name of publisher, distributor, etc. | CKRC, |
| Date of publication, distribution, etc. | 2002. |
| 300 ## - PHYSICAL DESCRIPTION | |
| Extent | 77 p. |
| 650 #0 - SUBJECT ADDED ENTRY--TOPICAL TERM | |
| Topical term or geographic name as entry element | Constitution (Draft) |
| Geographic subdivision | Kenya. |
| -- | 0000153438 |
| 650 #0 - SUBJECT ADDED ENTRY--TOPICAL TERM | |
| Topical term or geographic name as entry element | Constitutional law |
| Geographic subdivision | Kenya. |
| -- | 0000153433 |
| 908 ## - PUT COMMAND PARAMETER (RLIN) | |
| Put command parameter | 070508 |
| 950 ## - LOCAL HOLDINGS (RLIN) | |
| -- | 1 |
| Withdrawn status | Lost status | Source of classification or shelving scheme | Not for loan | Home library | Current library | Date acquired | Total Checkouts | Full call number | Barcode | Date last seen | Date last checked out | Price effective from | Koha item type |
|---|---|---|---|---|---|---|---|---|---|---|---|---|---|
| Library of Congress Classification | Kabarak, Main Campus | Kabarak, Main Campus | 17/12/2015 | 1 | KSK1744.52002 .A3C66 c. 2 | 007584 | 08/03/2021 | 02/03/2021 | 17/12/2015 | General Collection | |||
| Library of Congress Classification | Kabarak, Main Campus | Kabarak, Main Campus | 17/12/2015 | KSK1744.52002 .A3C66 c. 3 | 010427 | 17/12/2015 | 17/12/2015 | General Collection | |||||
| Library of Congress Classification | Kabarak, Main Campus | Kabarak, Main Campus | 17/12/2015 | KSK1744.52002 .A3C66 c. 4 | 010428 | 17/12/2015 | 17/12/2015 | General Collection |